Study of elastic waves in poroelastic media (Record no. 393514)

MARC details
000 -LEADER
fixed length control field 00453nam a2200169 4500
005 - DATE & TIME
control field 20250915123225.0
008 - FIXED-LENGTH DATA ELEMENTS--GENERAL INFORMATION
fixed length control field 250915b |||||||| |||| 00| 0 eng d
040 ## - CATALOGING SOURCE
Original cataloging agency VIVEKANANDA LIBRARY
082 ## - DDC NUMBER
Classification number 510
Book Number K836S
100 ## - MAIN ENTRY--PERSONAL NAME
Personal name Komal
245 ## - TITLE STATEMENT
Title Study of elastic waves in poroelastic media
260 ## - PUBLICATION, DISTRIBUTION, ETC. (IMPRINT)
Name of publisher, distributor, etc Department of Mathematics, M D University, Rohtak
Date of publication, distribution, etc 2024
300 ## - PHYSICAL DESCRIPTION
Pages xxvii, 277
650 ## - Subject
Subject Mathematics
700 ## - Added Entry Personal Name
Added Entry Personal Name Sikka, Jitander Singh
942 ## - ADDED ENTRY ELEMENTS (KOHA)
Koha item type Thesis
Holdings
Withdrawn status Lost status Source of classification or shelving scheme Damaged status Not for loan Location (home branch) Sublocation or collection (holding branch) Shelving location Date acquired Koha issues (times borrowed) Koha full call number Accession No. Koha date last seen Copy number Koha item type
    Dewey Decimal Classification     VIVEKANANDA LIBRARY VIVEKANANDA LIBRARY Vivekananda Library 15/09/2025   510 K836S 411072 15/09/2025 R Thesis
© Designed and Maintained by Vivekananda Library, MDU Rohtak